The state of the world’s children 2023 (Registro nro. 52802)
[ vista simple ]
| 000 -CABECERA | |
|---|---|
| Longitud fija campo de control | 01364nam a2200373 c 4500 |
| 001 - NÚMERO DE CONTROL | |
| Número de control | 52802 |
| 003 - IDENTIFICADOR DE NÚMERO DE CONTROL | |
| Identificador del número de control | ES-MaCES |
| 005 - FECHA Y HORA DE LA ÚLTIMA TRANSACCIÓN | |
| Fecha y hora de la última transacción | 20250203133330.0 |
| 007 - PHYSICAL DESCRIPTION FIXED FIELD--GENERAL INFORMAT | |
| Campo fijo de descripción física | cr ||||||||||| |
| 008 - CAMPO FIJO DE DESCRIPCIÓN FIJA--INFORMACIÓN GENERAL | |
| Códigos de información de longitud fija | 230630s2023 it rt 000 | eng d |
| 020 ## - ISBN (INTERNATIONAL STANDARD BOOK NUMBER) | |
| Número Internacional Normalizado para Libros (ISBN) | 9789280654424 |
| 040 ## - FUENTE DE CATALOGACIÓN | |
| Centro catalogador de origen | ES-MaCES |
| Lengua de catalogación | spa |
| Centro transcriptor | ES-MaCES |
| 245 04 - MENCIÓN DE TÍTULO | |
| Título | The state of the world’s children 2023 |
| Medio | Recurso electrónico |
| Resto del título | : for every child, vaccination |
| 260 ## - PUBLICACIÓN, DISTRIBUCIÓN, ETC (PIE DE IMPRENTA) | |
| Lugar de publicación, distribución, etc. | Florence |
| Nombre del editor, distribuidor, etc. | UNICEF Innocenti – Global Office of Research and Foresight |
| Fecha de publicación, distribución, etc. | 2023 |
| 300 ## - DESCRIPCIÓN FÍSICA | |
| Extensión | 1 documento pdf |
| Dimensiones | (8,85 mb) |
| 541 ## - NOTA DE LA FUENTE INMEDIANTE DE ADQUISICIÓN | |
| Forma de adquisición | Gratuito |
| 650 #4 - ASIENTO SECUNDARIO DE MATERIA--TÉRMINO DE MATERIA | |
| Término de materia o nombre geográfico como elemento inicial | infancia |
| 9 (RLIN) | 28518 |
| 650 #4 - ASIENTO SECUNDARIO DE MATERIA--TÉRMINO DE MATERIA | |
| Término de materia o nombre geográfico como elemento inicial | niños |
| 9 (RLIN) | 28517 |
| 650 #4 - ASIENTO SECUNDARIO DE MATERIA--TÉRMINO DE MATERIA | |
| Término de materia o nombre geográfico como elemento inicial | vacunación |
| 9 (RLIN) | 28696 |
| 650 #4 - ASIENTO SECUNDARIO DE MATERIA--TÉRMINO DE MATERIA | |
| Término de materia o nombre geográfico como elemento inicial | política social |
| 9 (RLIN) | 27029 |
| 650 #4 - ASIENTO SECUNDARIO DE MATERIA--TÉRMINO DE MATERIA | |
| Término de materia o nombre geográfico como elemento inicial | política sanitaria |
| 9 (RLIN) | 29366 |
| 650 #4 - ASIENTO SECUNDARIO DE MATERIA--TÉRMINO DE MATERIA | |
| Término de materia o nombre geográfico como elemento inicial | atención primaria de salud |
| 9 (RLIN) | 30000 |
| 650 #4 - ASIENTO SECUNDARIO DE MATERIA--TÉRMINO DE MATERIA | |
| Término de materia o nombre geográfico como elemento inicial | Covid-19 |
| 9 (RLIN) | 39751 |
| 650 #4 - ASIENTO SECUNDARIO DE MATERIA--TÉRMINO DE MATERIA | |
| Término de materia o nombre geográfico como elemento inicial | evaluación del impacto |
| 9 (RLIN) | 30732 |
| 650 #4 - ASIENTO SECUNDARIO DE MATERIA--TÉRMINO DE MATERIA | |
| Término de materia o nombre geográfico como elemento inicial | estudio de casos |
| 9 (RLIN) | 28846 |
| 650 #4 - ASIENTO SECUNDARIO DE MATERIA--TÉRMINO DE MATERIA | |
| Término de materia o nombre geográfico como elemento inicial | 2023 |
| 9 (RLIN) | 40696 |
| 650 #4 - ASIENTO SECUNDARIO DE MATERIA--TÉRMINO DE MATERIA | |
| 9 (RLIN) | 28986 |
| Término de materia o nombre geográfico como elemento inicial | informe |
| 653 10 - TÉRMINO DE INDEXACIÓN--NO CONTROLADO | |
| Término no controlado | Asuntos Sociales |
| 710 2# - ENCABEZAMIENTO SECUNDARIO--NOMBRE CORPORATIVO | |
| Nombre de entidad o nombre de jurisdicción como elemento inicial | UNICEF. Centro de Investigaciones Innocenti |
| Término indicativo de función | ed. |
| 9 (RLIN) | 5072 |
| 787 0# - ENTRADA DE OTRAS ESPECIFICACIONES | |
| Título | Estado mundial de la infancia 2021 : en mi mente: promover, proteger y cuidar la salud mental de la infancia |
| Número de control del registro relacionado | (ES-MaCES)52801 |
| 856 4# - ACCESO ELECTRÓNICO | |
| Identificador Uniforme del Recurso (URI) | http://biblioteca.ces.es/repintra/B52802.pdf |
| Texto del enlace | texto completo |
| Nota pública | [intranet] |
| 902 ## - CES. TIPO DE DOCUMENTO | |
| Tipodoc (006$c Sirtex) | ELE PUB. ELECTRONICA |
| 942 ## - ELEMENTOS KOHA | |
| Fuente de clasificaión o esquema | Clasificación propia del CES |
| Koha [por defecto] tipo de item | Monografías |
| Parte de clasificación | Asuntos Sociales |
No hay ítems disponibles.
